[Event "GER-chT U20 Girls "]
[Site "Chemnitz"]
[Date "2009.12.29"]
[Round "5.2"]
[White "Hartmann, Elisa"]
[Black "Mitze, Teresa"]
[Result "1-0"]
[WhiteElo "1732"]
[BlackElo "767"]
[PlyCount "91"]
[EventDate "2009.12.27"]
[EventType "team-swiss"]
[EventRounds "7"]
[EventCountry "GER"]
[SourceTitle "EXT 2022"]
[Source "ChessBase"]
[SourceDate "2021.10.06"]
[SourceVersion "1"]
[SourceVersionDate "2021.10.06"]
[SourceQuality "1"]
[WhiteTeam "Gryps SV U20 Girls"]
[BlackTeam "Hattersheim U20 Girls"]
[WhiteTeamCountry "GER"]
[BlackTeamCountry "GER"]

1. e4 e5 2. Nf3 Nc6 3. Bc4 Nf6 4. Ng5 d5 5. exd5 Nxd5 6. Nxf7 Kxf7 7. Qf3+ Ke7 8. Bxd5 Kd7 9. Bxc6+ bxc6 10. Nc3 Ba6 11. Qg4+ Ke8 12. Qe6+ Qe7 13. Qxc6+ Qd7 14. Qxa8+ Qc8 15. Qxc8+ Bxc8 16. 0-0 Bb4 17. Nd5 Ba6 18. Nxb4 Bxf1 19. Kxf1 Rf8 20. d3 h6 21. Be3 a5 22. Nd5 c6 23. Bc5 Rf7 24. Ne3 Kd7 25. Nc4 Ke6 26. Re1 Rf5 27. Rxe5+ Rxe5 28. Nxe5 Kxe5 29. Ke2 g5 30. Ke3 h5 31. c4 g4 32. d4+ Kf5 33. d5 cxd5 34. cxd5 Ke5 35. d6 Ke6 36. b4 axb4 37. Bxb4 Kd7 38. a4 Kc6 39. a5 Kb7 40. a6+ Kxa6 41. d7 Kb5 42. d8Q Kxb4 43. Qc7 Kb5 44. Kd4 Ka6 45. Kc5 h4 46. Qb6# 1-0